|
|
|
|
| LEADER |
00000nab a2200000 a 4500 |
| 001 |
vtls009952380 |
| 003 |
SK-MaSNL |
| 005 |
20260304152631.0 |
| 008 |
250506c2009 xo mr|p|||||||000 b|slo |
| 015 |
|
|
|a SNBRB2009/09
|2 snkbucl
|
| 035 |
|
|
|a (sysno)vtls009952380
|
| 035 |
|
|
|a urn:nbn:sk:snk-ab752h
|
| 035 |
|
|
|a (uuid)b260df39-7c02-4cab-9a38-5ec43ce5013c
|
| 035 |
|
|
|a (urnnbn)urn:nbn:sk:snk:ar-a06vi4
|
| 038 |
|
|
|a SNKBUCL
|
| 040 |
|
|
|a SNKBUCL
|b slo
|c SNKBUCL
|e AACR2
|
| 041 |
0 |
|
|a slo
|
| 044 |
|
|
|a xo
|c SK
|
| 080 |
|
|
|a 27-46
|2 2001
|
| 080 |
|
|
|a 316.837
|2 2001
|
| 080 |
|
|
|a 613.885
|2 2001
|
| 100 |
1 |
|
|a Nikolová, Monika,
|d 1974-
|4 aut
|9 1117464
|
| 245 |
1 |
0 |
|a Pastoračná starostlivosť o homosexuálne orientovaných ľudí
|c Monika Nikolová
|
| 504 |
|
|
|a Bibliogr. odkazy
|
| 650 |
0 |
7 |
|a pastorácia
|2 snkbucl
|9 1972
|
| 650 |
0 |
7 |
|a homosexuáli
|2 snkbucl
|9 29811
|
| 650 |
0 |
7 |
|a pastoračná starostlivosť
|2 snkbucl
|9 69063
|
| 773 |
0 |
|
|t Nové horizonty
|g Roč. III, č. 2 (2009), s. 76-81
|x 1337-6535
|
| 850 |
|
|
|a Slovenská národná knižnica
|
| 852 |
|
|
|a Slovenská národná knižnica
|
| 954 |
|
|
|a odborná, vedecká literatúra pôvodná (slovenská)
|2 lita
|
| 958 |
|
|
|a article2022
|
| 958 |
|
|
|a SK
|
| 958 |
|
|
|a NT
|
| 958 |
|
|
|a NB
|
| 958 |
|
|
|a OND
|
| 958 |
|
|
|a EUIPO
|
| 999 |
|
|
|c 2950166
|d 2952096
|